[Event "AUTO-MASTER-2338"]
[Site "http://www.queenalice.com/game.php?id=1375114"]
[Date "2015.8.2"]
[Round "1"]
[White "DURIN09"]
[Black "AntonioMelo"]
[Result "1-0"]
[WhiteElo "2154"]
[BlackElo "2213"]

1. d4 Nf6 2. Nf3 d6 3. e3 g6 4. b3 Bg7 5. Bb2 O-O 6. Be2 Nc6 7. O-O Bg4 8. h3
Bd7 9. c4 Re8 10. Nc3 e5 11. dxe5 dxe5 12. Rc1 Qe7 13. Nd5 Qd8 14. Re1 Nxd5 15.
cxd5 Nb8 16. e4 b5 17. Qd2 a5 18. Rc2 a4 19. bxa4 Rxa4 20. a3 Rxe4 21. Rec1 Ra4
22. Rxc7 e4 23. Nd4 e3 24. fxe3 Bh6 25. R1c3 Qe7 26. Bc1 Bg7 27. Bf3 Be5 28. Nc6
Qf6 29. Nxe5 Qxe5 30. e4 Rd4 31. Qh6 Rd3 32. Bb2 Qd4+ 33. Kh1 Qh8 34. Rb3 Rd4
35. Bxd4 Qxd4 36. Qc1 Kg7 37. Qc3 Qf6 38. Kg1 Qxc3 39. Rbxc3 Kf6 40. Kf2 h5 41.
Ke3 Ke5 42. Ra7 f5 43. Rcc7 f4+ 44. Kd3 b4 45. Rxd7 Nxd7 46. Rxd7 bxa3 47. Ra7
Rb8 48. Rxa3 Rb1 49. Ra6 1-0

[Event "AUTO-MASTER-2338"]
[Site "http://www.queenalice.com/game.php?id=1375129"]
[Date "2015.8.2"]
[Round "1"]
[White "Scharlatan"]
[Black "DURIN09"]
[Result "0-1"]
[WhiteElo "1721"]
[BlackElo "2111"]

1. e4 d6 2. d4 g6 3. f4 Bg7 4. Nc3 Nf6 5. Nf3 O-O 6. Be2 c5 7. dxc5 dxc5 8. Be3
Qc7 9. O-O a6 10. e5 Ng4 11. Bd2 Rd8 12. Qe1 b5 13. Ne4 Bb7 14. Neg5 e6 15. Nxh7
Nxh2 0-1

[Event "AUTO-MASTER-2338"]
[Site "http://www.queenalice.com/game.php?id=1375130"]
[Date "2015.8.2"]
[Round "1"]
[White "DURIN09"]
[Black "Scharlatan"]
[Result "1-0"]
[WhiteElo "2112"]
[BlackElo "1719"]

1. d4 d5 2. Nf3 c6 3. e3 Bf5 4. Be2 Nf6 5. b3 h6 6. Bb2 e6 7. O-O Bd6 8. Nbd2
O-O 9. Ne5 Nbd7 10. f4 Ne4 11. Nxe4 Bxe4 12. Bf3 Nf6 13. Qd2 Qe8 14. Rac1 1-0

[Event "AUTO-MASTER-2338"]
[Site "http://www.queenalice.com/game.php?id=1375140"]
[Date "2015.8.2"]
[Round "1"]
[White "DURIN09"]
[Black "szybkielanie"]
[Result "1-0"]
[WhiteElo "2127"]
[BlackElo "2115"]

1. d4 Nf6 2. Nf3 d6 3. e3 g6 4. b3 Bg7 5. Bb2 O-O 6. Be2 c6 7. O-O Nbd7 8. c4
Re8 9. Nc3 e5 10. dxe5 Nxe5 11. Rc1 1-0

[Event "AUTO-MASTER-2288"]
[Site "http://www.queenalice.com/game.php?id=1384029"]
[Date "2015.9.18"]
[Round "2"]
[White "DURIN09"]
[Black "Maniusiek"]
[Result "0-1"]
[WhiteElo "2229"]
[BlackElo "2625"]

1. d4 d5 2. Nf3 Nf6 3. e3 c6 4. b3 Bf5 5. Be2 e6 6. Bb2 Nbd7 7. O-O Bd6 8. Nbd2
h6 9. Ne5 O-O 10. f3 c5 11. g4 Bh7 12. Rf2 cxd4 13. exd4 Qc7 14. f4 Bxc2 15. Qf1
Bb4 16. Bb5 Nxe5 17. fxe5 Nxg4 18. Rf4 Nxe5 19. dxe5 Bxd2 20. Ba3 Qxe5 21. Bxf8
Bxf4 22. Bc5 Bxh2+ 0-1

[Event "AUTO-MASTER-2288"]
[Site "http://www.queenalice.com/game.php?id=1384030"]
[Date "2015.9.18"]
[Round "2"]
[White "Maniusiek"]
[Black "DURIN09"]
[Result "1-0"]
[WhiteElo "2608"]
[BlackElo "2168"]

1. e4 d6 2. d4 g6 3. Nc3 a6 4. f4 b5 5. Nf3 Nf6 6. e5 dxe5 7. fxe5 Nd5 8. Ne4 h6
9. a4 b4 10. Bc4 e6 11. Bxd5 Qxd5 12. Nf6+ 1-0

[Event "AUTO-MASTER-2338"]
[Site "http://www.queenalice.com/game.php?id=1388797"]
[Date "2015.10.11"]
[Round "2"]
[White "DURIN09"]
[Black "junipero"]
[Result "1-0"]
[WhiteElo "2258"]
[BlackElo "1935"]

1. d4 d5 2. Nf3 e6 3. e3 c5 4. b3 Nc6 5. Bd3 Nf6 6. O-O Be7 7. Bb2 cxd4 8. exd4
O-O 9. Nbd2 h6 10. Ne5 a6 11. a3 Qc7 12. f4 b5 13. Rf3 Qb6 14. Nxc6 Qxc6 15. Qe2
Bb7 16. f5 Ne4 17. fxe6 fxe6 18. Re1 Nxd2 19. Rxf8+ Rxf8 20. Qxd2 Bg5 21. Qe2
Bc8 22. Bc1 Bxc1 23. Rxc1 Qc3 24. Qe3 Qb2 25. b4 Kh8 26. Be2 Bd7 27. Bg4 Rf6 28.
h3 Kg8 29. Rd1 Qxc2 30. Rc1 Qg6 31. Rc7 Qe8 32. Qc1 Kh8 33. Qc5 g6 34. Qa7 Rf7
35. Rb7 h5 36. Rb8 Bc8 37. Rxc8 Rf1+ 38. Kxf1 Qxc8 39. Qc5 Qe8 40. Bf3 Qf7 41.
Qc8+ Kg7 42. Qxa6 Qf4 43. Qa7+ Kf6 44. Qc5 g5 45. Qf8+ Kg6 46. Qxf4 gxf4 47. Ke2
h4 48. Bg4 Kf6 49. Kf2 e5 50. dxe5+ Kxe5 51. Ke2 Kd4 52. Bd7 Kc4 53. Bc6 d4 54.
Kd2 d3 55. Bxb5+ Kxb5 56. Kxd3 1-0

[Event "AUTO-MASTER-2338"]
[Site "http://www.queenalice.com/game.php?id=1388798"]
[Date "2015.10.11"]
[Round "2"]
[White "junipero"]
[Black "DURIN09"]
[Result "0-1"]
[WhiteElo "2087"]
[BlackElo "2228"]

1. d4 d6 2. c4 g6 3. Nc3 Bg7 4. e3 Nf6 5. Nf3 O-O 6. g3 Nbd7 7. Bg2 e5 8. dxe5
dxe5 9. O-O Qe7 10. b3 Rd8 11. Qc2 Nc5 12. Rd1 Bf5 13. Qe2 Bd3 14. Qe1 e4 15.
Nd4 a5 16. Ba3 b6 17. Nc6 Qe6 18. Bxc5 Qxc6 19. Bd4 Rd7 20. Rac1 Qe6 21. Bxf6
Bxf6 22. Nxe4 Rad8 23. Nxf6+ Qxf6 24. Rd2 Bf5 25. Rxd7 Rxd7 26. e4 Be6 27. e5
Qd8 28. Bf3 Bh3 29. Bg2 Bf5 30. f4 Rd2 31. Ra1 Qd4+ 32. Kh1 Qb2 33. Qg1 Rxg2 34.
Qxg2 Qxa1+ 0-1

[Event "AUTO-MASTER-2384"]
[Site "http://www.queenalice.com/game.php?id=1392966"]
[Date "2015.11.7"]
[Round "1"]
[White "CCapivara"]
[Black "DURIN09"]
[Result "0-1"]
[WhiteElo "2167"]
[BlackElo "2248"]

1. e4 d6 2. d4 g6 3. c4 Bg7 4. Nc3 Nf6 5. f3 O-O 6. Be3 e6 7. Qd2 c5 8. dxc5
dxc5 9. Qxd8 Rxd8 10. Bxc5 b6 11. Be3 Nc6 12. Rd1 Nd7 13. Nge2 Nb4 14. Kf2 Ba6
15. b3 Ne5 16. g3 Ned3+ 17. Kg2 f5 18. a3 Nc2 19. Bg5 Rd7 20. exf5 gxf5 21. Nc1
Bxc3 22. Rxd3 Ne1+ 23. Kf2 Nxd3+ 24. Nxd3 Bb7 25. Be2 e5 26. h4 e4 27. Nf4 exf3
28. Bd3 Bd4+ 29. Kf1 f2 30. Rh2 Re8 31. Be2 Rd6 0-1

[Event "AUTO-MASTER-2384"]
[Site "http://www.queenalice.com/game.php?id=1392967"]
[Date "2015.11.7"]
[Round "1"]
[White "DURIN09"]
[Black "CCapivara"]
[Result "1-0"]
[WhiteElo "2236"]
[BlackElo "2246"]

1. e4 d6 2. Nf3 Nf6 3. d4 Nxe4 4. Bd3 Nf6 5. O-O Bg4 6. h3 Bh5 7. Nbd2 Nbd7 8.
c4 c6 9. b3 Qc7 10. Qc2 e5 11. Bb2 Be7 12. dxe5 dxe5 13. Rfe1 O-O 14. Nxe5 Bd6
15. Nxd7 Qxd7 16. Bxf6 gxf6 17. Bxh7+ Kh8 18. Bf5 Qc7 19. c5 Be5 20. Nc4 Bxa1
21. Rxa1 Rg8 22. Nd6 Rg5 23. Qc3 Qd8 24. Rd1 Qe7 25. Re1 Qd8 26. Re8+ Qxe8 27.
Nxe8 Rxe8 28. Qxf6+ Rg7 29. Qh6+ 1-0

[Event "AUTO-MASTER-2384"]
[Site "http://www.queenalice.com/game.php?id=1392982"]
[Date "2015.11.7"]
[Round "1"]
[White "dadge"]
[Black "DURIN09"]
[Result "0-1"]
[WhiteElo "2102"]
[BlackElo "2260"]

1. e4 d6 2. d4 g6 3. c4 Bg7 4. Be3 Nf6 5. Nc3 O-O 6. f3 e6 7. Bd3 h6 8. Nge2 b6
9. Qd2 Kh7 10. O-O c5 11. Rad1 Nc6 12. d5 exd5 13. exd5 Ne5 14. b3 Re8 15. Bb1
a6 16. Ng3 Bb7 17. Nce4 b5 18. Qe2 Re7 19. Qd2 Nxe4 20. Nxe4 Qc7 21. Qf2 Rc8 22.
Qh4 bxc4 23. bxc4 Nxc4 24. Bc1 Ne5 25. f4 Nc4 26. f5 Rxe4 27. Qxe4 Ne5 28. fxg6+
fxg6 29. Bf4 Rg8 30. Rd2 a5 31. Rdf2 Qb6 32. h3 Ba6 33. Re1 Qb4 34. Kh1 Bb7 35.
Bxe5 Qxe4 36. Bxe4 Bxe5 37. Rf7+ Rg7 38. Rxg7+ Kxg7 39. Rb1 Ba6 40. Rb3 a4 41.
Rb6 Bc4 42. Rb7+ Kf6 43. Ra7 Bxa2 44. Rxa4 Bb3 45. Ra3 c4 46. Bd3 Bb2 47. Ra6
cxd3 0-1

[Event "AUTO-MASTER-2384"]
[Site "http://www.queenalice.com/game.php?id=1392983"]
[Date "2015.11.7"]
[Round "1"]
[White "DURIN09"]
[Black "dadge"]
[Result "1/2-1/2"]
[WhiteElo "2267"]
[BlackElo "2113"]

1. d4 d5 2. Nf3 e6 3. e3 Nf6 4. Bd3 Nbd7 5. O-O Bd6 6. c3 Ne4 7. Nbd2 f5 8. c4
Ndf6 9. c5 Be7 10. Qc2 c6 11. b4 O-O 12. a4 Bd7 13. b5 Rc8 14. Ne5 Be8 15. Ba3
Nd7 16. Ndf3 Nxe5 17. Nxe5 Bf6 18. Nf3 Bh5 19. Be2 Qa5 20. Rfb1 Nc3 21. Bb4
Nxe2+ 22. Qxe2 Qd8 23. a5 g5 24. Qd3 g4 25. Nd2 Bg6 26. Qb3 Rf7 27. a6 f4 28.
axb7 Rxb7 29. bxc6 Rxc6 30. Qa4 Bxb1 31. Qxc6 Rxb4 32. Qxe6+ Kf8 33. Rxb1 Rxb1+
34. Nxb1 fxe3 35. fxe3 Qe7 36. Qxe7+ Kxe7 37. Nc3 Ke6 38. Kf1 Bd8 39. Ke2 h5 40.
Kd3 a5 41. e4 dxe4+ 42. Kxe4 h4 43. d5+ Kf6 44. c6 Bc7 45. h3 gxh3 46. gxh3 Ke7
47. Nb5 Bb6 48. d6+ Ke6 49. c7 Kd7 50. Kd5 a4 51. Na3 Bxc7 52. dxc7 Kxc7 53.
Nb5+ Kd7 54. Nd4 a3 55. Ke5 Ke8 56. Kf5 Kf7 57. Kg5 a2 58. Nc2 Kg7 59. Kxh4 Kh6
60. Kg4 1/2-1/2

[Event "AUTO-MASTER-2384"]
[Site "http://www.queenalice.com/game.php?id=1392994"]
[Date "2015.11.7"]
[Round "1"]
[White "DURIN09"]
[Black "Alexandrovinsk"]
[Result "0-1"]
[WhiteElo "2250"]
[BlackElo "2180"]

1. d4 Nf6 2. Nf3 d6 3. e3 g6 4. Be2 Bg7 5. O-O O-O 6. c3 Bg4 7. h3 Bd7 8. Nbd2
c5 9. e4 cxd4 10. cxd4 Nc6 11. b3 Nh5 12. Bb2 Nf4 13. Rc1 Nxe2+ 14. Qxe2 a6 15.
Rfd1 Rc8 16. Nf1 f5 17. e5 dxe5 18. dxe5 e6 19. Ne3 Qe7 20. Nc4 Rcd8 21. Nd6 Bc8
22. Ba3 g5 23. Nc4 Nb4 24. Qe1 Rxd1 25. Qxd1 b5 26. Nd6 Nxa2 27. Rxc8 Rxc8 28.
Nxc8 Qxa3 29. Qd8+ Qf8 30. Qa5 Qxc8 31. Qxa2 g4 32. hxg4 fxg4 33. Nd2 Bxe5 34.
g3 Qc1+ 35. Nf1 Qc6 36. Ne3 h5 37. Qd2 Qd6 38. Qc2 Kg7 39. Qe4 Bd4 40. Ng2 e5
41. Nh4 Qf6 42. Nf5+ Kf7 43. Nxd4 exd4 44. Qh7+ Ke6 45. Qxh5 Qf5 46. Qe8+ Kd5
47. Qa8+ Kc5 48. Qxa6 Qb1+ 49. Kg2 Qxb3 50. Qc8+ Kb4 51. Qxg4 Qd5+ 52. Kf1 Qc4+
53. Kg2 d3 54. Qd1 Qc2 55. Qg4+ Ka3 0-1

[Event "AUTO-MASTER-2384"]
[Site "http://www.queenalice.com/game.php?id=1392995"]
[Date "2015.11.7"]
[Round "1"]
[White "Alexandrovinsk"]
[Black "DURIN09"]
[Result "1-0"]
[WhiteElo "2147"]
[BlackElo "2215"]

1. d4 d6 2. c4 g6 3. Nf3 Bg7 4. e3 Nf6 5. Bd3 O-O 6. O-O c5 7. d5 e6 8. e4 exd5
9. cxd5 a6 10. Bg5 h6 11. Bc1 b5 12. h3 Nbd7 13. Nc3 Re8 14. Re1 c4 15. Bc2 Nc5
16. Nd4 Bb7 17. a3 Re7 18. Nc6 Bxc6 19. dxc6 Rc8 20. Nd5 Re8 21. c7 Rxc7 22.
Nxc7 Qxc7 23. f3 d5 24. exd5 Rxe1+ 25. Qxe1 Nxd5 26. Rb1 Qb6 27. Kh1 Ne6 28. Be4
Nf6 29. Bd2 Nxe4 30. Qxe4 Qc7 31. Qa8+ Kh7 32. Qxa6 Qd7 33. Bb4 Nf4 34. Qd6 Qxd6
35. Bxd6 Nd3 36. Kg1 Bxb2 37. Bb4 c3 38. Bxc3 Bxc3 39. Rxb5 Nc5 40. Kf1 Ne6 41.
a4 Kg7 42. a5 h5 43. a6 Bd4 44. Rb7 g5 45. a7 Bxa7 46. Rxa7 Nf4 47. h4 gxh4 48.
Kf2 h3 49. g3 h2 50. Ra1 Nh3+ 51. Kg2 Ng1 52. f4 Kg6 53. Kxh2 Ne2 54. Ra5 Nd4
55. Kh3 Nf5 56. Ra6+ f6 57. Ra5 Ne3 58. Kh4 Ng2+ 59. Kh3 Ne3 60. Ra3 Nf5 61. g4
hxg4+ 62. Kxg4 Nh6+ 63. Kf3 Nf5 64. Ra8 Nd4+ 65. Kg4 f5+ 66. Kg3 Ne2+ 67. Kf3
Nc3 68. Rd8 Ne4 69. Ke3 Kh5 70. Kd4 Kg4 71. Ke5 Nc5 72. Rg8+ Kf3 73. Kxf5 Nd3
74. Kg5 1-0

[Event "AUTO-MASTER-2442"]
[Site "http://www.queenalice.com/game.php?id=1413399"]
[Date "2016.3.13"]
[Round "1"]
[White "ratorei"]
[Black "DURIN09"]
[Result "0-1"]
[WhiteElo "2057"]
[BlackElo "2198"]

1. Nf3 d6 2. g3 g6 3. Bg2 Bg7 4. O-O Nf6 5. d4 O-O 6. c4 Nbd7 7. Nc3 e5 8. dxe5
dxe5 9. Bg5 h6 10. Bd2 c6 11. Qc2 Re8 12. Rad1 Qc7 13. b4 Nb6 14. c5 Nbd5 15. a3
e4 16. Nd4 e3 17. Nxd5 exf2+ 18. Rxf2 Nxd5 19. Nf3 Bf5 20. Qc1 Kh7 21. Kh1 Re7
22. Qc4 Rae8 23. Re1 Ne3 24. Bxe3 Rxe3 25. Ng1 Rxa3 26. e4 Be6 27. Qe2 Rb3 28.
Nh3 Rxb4 29. Nf4 Bc4 30. Qg4 Be6 31. Nxe6 Rxe6 32. Qf3 Re7 33. h3 a5 34. Ra2 Rb5
35. Re3 Rxc5 36. Rd3 Qb6 37. Rad2 Rc1+ 38. Bf1 Qc7 39. Kg2 Be5 40. Qg4 c5 41.
Rd7 Rxd7 42. Rxd7 Rc2+ 43. Kh1 Qb6 44. Rxf7+ Bg7 45. Qf3 Qb2 46. e5 Qxe5 47.
Qxb7 Qb2 48. Qxb2 Rxb2 49. Ra7 Rb1 50. Kg2 Ra1 51. Bb5 h5 52. Ra6 Bd4 53. Bd3 a4
54. Bxg6+ Kg7 55. Bxh5 a3 0-1

[Event "AUTO-MASTER-2442"]
[Site "http://www.queenalice.com/game.php?id=1413400"]
[Date "2016.3.13"]
[Round "1"]
[White "DURIN09"]
[Black "ratorei"]
[Result "1-0"]
[WhiteElo "2201"]
[BlackElo "2055"]

1. d4 d5 2. Nf3 Bg4 3. h3 Bh5 4. e3 e6 5. c4 Nf6 6. Be2 c6 7. O-O Be7 8. Nc3 O-O
9. b3 Nbd7 10. c5 Qc7 11. b4 e5 12. dxe5 Nxe5 13. Bb2 Bxf3 14. Bxf3 Nxf3+ 15.
Qxf3 Rad8 16. Rfd1 Nd7 17. Qe2 Bf6 18. Rac1 Ne5 19. a4 Nc4 20. Nb5 cxb5 21. Bxf6
gxf6 22. axb5 b6 23. c6 Qe7 24. Rb1 f5 25. Qh5 Qe4 26. Rd4 Qxb1+ 27. Kh2 Nd6 28.
Rh4 f4 29. Qg5+ Kh8 30. Qf6+ 1-0

[Event "AUTO-MASTER-2442"]
[Site "http://www.queenalice.com/game.php?id=1413413"]
[Date "2016.3.13"]
[Round "1"]
[White "seega"]
[Black "DURIN09"]
[Result "1-0"]
[WhiteElo "2235"]
[BlackElo "2209"]

1. Nf3 d6 2. d4 g6 3. c4 Bg7 4. Nc3 Nf6 5. e4 O-O 6. Be2 Bg4 7. Be3 e6 8. O-O h6
9. Ne1 Bxe2 10. Qxe2 Nbd7 11. Nd3 b6 12. Rad1 a6 13. e5 Ne8 14. c5 d5 15. b4
bxc5 16. Nxc5 Nxc5 17. bxc5 c6 18. Rb1 Nc7 19. a4 Rb8 20. Rb6 Rxb6 21. cxb6 Ne8
22. a5 f6 23. exf6 Nxf6 24. Qxa6 Ng4 25. b7 Qh4 26. h3 Nxe3 27. fxe3 1-0

[Event "AUTO-MASTER-2442"]
[Site "http://www.queenalice.com/game.php?id=1413414"]
[Date "2016.3.13"]
[Round "1"]
[White "DURIN09"]
[Black "seega"]
[Result "0-1"]
[WhiteElo "2226"]
[BlackElo "2252"]

1. d4 Nf6 2. Nf3 b6 3. e3 Bb7 4. b3 g6 5. Bb2 Bg7 6. Be2 O-O 7. O-O d6 8. c4
Nbd7 9. Nc3 e5 10. Qc2 Re8 11. Rac1 e4 12. Nd2 a5 13. a4 Nb8 14. Rfe1 Na6 15.
Ba3 Nb4 16. Na2 Nxc2 17. Rxc2 c5 18. d5 Nd7 19. Nc3 f5 20. Nb5 Ne5 0-1

[Event "AUTO-MASTER-2442"]
[Site "http://www.queenalice.com/game.php?id=1413423"]
[Date "2016.3.13"]
[Round "1"]
[White "DURIN09"]
[Black "Rachman"]
[Result "0-1"]
[WhiteElo "2236"]
[BlackElo "2291"]

1. d4 e6 2. Nf3 f5 3. e3 Nf6 4. Bd3 d5 5. O-O Bd6 6. c4 c6 7. Nc3 O-O 8. c5 Bc7
9. b4 Ne4 10. Bb2 g5 11. b5 g4 12. Ne5 Nd7 13. Nxg4 Nxc3 14. Bxc3 Qh4 15. Ne5
Nxe5 16. dxe5 Bd7 17. f4 Kf7 18. Rf3 Rg8 19. Kh1 Qg4 20. Bf1 cxb5 21. Qb3 a6 22.
a4 Rab8 23. a5 Rg7 24. Rg3 Qh4 25. Rh3 Qg4 26. Ra2 Rbg8 27. Rg3 Qh4 28. Rxg7+
Rxg7 29. Rf2 Qxf2 0-1

[Event "AUTO-MASTER-2442"]
[Site "http://www.queenalice.com/game.php?id=1413424"]
[Date "2016.3.13"]
[Round "1"]
[White "Rachman"]
[Black "DURIN09"]
[Result "1-0"]
[WhiteElo "2254"]
[BlackElo "2262"]

1. c4 d6 2. g3 g6 3. Bg2 Bg7 4. Nf3 e5 5. Nc3 Nf6 6. d4 Qe7 7. Bg5 h6 8. Nd5 Qd8
9. Bxf6 Bxf6 10. Nxf6+ Qxf6 11. dxe5 dxe5 12. Qb3 O-O 13. O-O Nd7 14. Rfd1 Nb6
15. Qc3 Re8 16. Rd2 Bd7 17. c5 Na4 18. Qc4 b6 19. Rxd7 Nxb2 20. Qc2 1-0